000 00509nam a2200181Ia 4500
005 20250508160640.0
008 008 250505s9999 xx 000 0 eng d
037 _aTextual
040 _aFEDL
_beng
_cFEDL
041 _aeng
_2eng
084 _a371.76, KIL
_qFEDL
100 _aKilander H Frederick
_9140286
245 0 _aSex education in the schools
260 _aLondon, UK
_bThe Macmillan Company
_c1970
300 _axi,435p.
942 _cTEXL
_h371.76, KIL
999 _c1365820
_d1365820